Vampire Diaries general kowledge - Statistics

General Stats
  • This quiz has been taken 1,148 times
  • The average score is 12 of 18
Answer Stats
hint answer % Correct
who's elena's great love DAMON
96%
Town it's set in Mystic Falls
96%
What supernatural being is Klaus Hybrid
94%
stefan's best friend lexi
89%
Jeremy's first girlfriend Vicki
89%
how many seasons of tvd are there 8
85%
Katherine Pierce's real name Katerina Petrova
83%
matt's last name donovan
82%
who's stefan's great love caroline
76%
Witch Bonnie Bennett
73%
caroline's mother's name liz forbes
70%
best couple EVER DELENA
60%
what does damon give elena as a birthday present? necklace
56%
who are elena's real parents? john and isobel
50%
name of 2 sirens sybil and seline
28%
who turns elena into a vampire damon salvatore
27%
whose parent dies in episode 1x22 tyler's dad
7%
delena's official first kiss episode 3x10
5%
No matching quizzes found
Score Distribution
Percent of People with Each Score
Percentile by Number Answered
Your Score History
You have not taken this quiz